000 00967nam0a22002411 4500
001 rc\4812153
005 20250612190450.0
035 _a(NLR Aleph) 008796806
090 _a8076081
_c8076081
100 _a20130426d1957 |||y0rusy50 ca
101 0 _arus
102 _aRU
105 _ay c |||||
200 1 _aМетодические указания по определению площади поверхности листьев трав
_fСост. д-р с.-х. наук, проф. С.С. Шаин
_gВсесоюз. науч.-исслед. ин-т кормов им. В.Р. Вильямса. Отд. полевого травосеяния
210 _aМосква
_cБ. и.
_d1957
215 _a6 с.
_d20
333 _aНа правах рукописи
700 1 _aШаин
_bС.С.
_f1903-1963
_gСоломон Самуилович
_4220
801 0 _aRU
_bNLR
_gpsbo
801 1 _aRU
_bELAR
_2rusmarc
852 _aNLR
_j57-4/15645
942 _cBOOK
980 _aNB